Bifurcations of planar vector fields : nilpotent singularities and Abelian integrals
Αποθηκεύτηκε σε:
| Άλλοι συγγραφείς: | , , |
|---|---|
| Μορφή: | Βιβλίο |
| Γλώσσα: | English |
| Δημοσίευση: |
Berlin ; : New York :
Springer-Verlag,
c1991
|
| Σειρά: | Lecture notes in mathematics (Springer-Verlag)
; 1480 |
| Θέματα: | |
| Ετικέτες: |
Προσθήκη ετικέτας
Δεν υπάρχουν, Καταχωρήστε ετικέτα πρώτοι!
|
MARC
| LEADER | 00000cam a2200000 i 4500 | ||
|---|---|---|---|
| 001 | 1/30381 | ||
| 008 | 941103s1991 eng d | ||
| 020 | |a 3540545212 |c DM39.00 | ||
| 020 | |a 0387545212 | ||
| 035 | |l 10038555 | ||
| 040 | |a GR-MY-UA |b gre |e aacr | ||
| 041 | 0 | |a eng | |
| 082 | 0 | |a 515.35 |2 (20) | |
| 245 | 1 | 0 | |a Bifurcations of planar vector fields : |b nilpotent singularities and Abelian integrals / |c F. Dumortier ... [et al.] |
| 260 | |a Berlin ; : |a New York : |b Springer-Verlag, |c c1991 | ||
| 300 | |a viii, 226 p.; |b ill.; |c 25 cm. | ||
| 490 | 1 | |a Lecture notes in mathematics (Springer-Verlag) |v ; 1480 | |
| 500 | |a "Subseries: Instituto de Mathematica [i.e. Matematica] Pura e Aplicada, Rio de Janeiro, Brazil (vol. 48)"--Ser. t.p | ||
| 504 | |a Includes bibliographical references and index | ||
| 650 | 0 | 0 | |a Bifurcation theory. |
| 650 | 0 | 0 | |a Differential equations |x Numerical solutions. |
| 650 | 0 | 0 | |a Stability. |
| 700 | 1 | |a Dumortier, Freddy. | |
| 700 | 1 | |a Roussarie, Robert H. | |
| 700 | 1 | |a Sotomayor, Jorge de. | |
| 830 | 0 | |a Lecture notes in mathematics (Springer-Verlag) |v ; 1480 | |
| 852 | |a INST |b SAMOS |e 19941103 |h 515.35 BIF |p 005300007990 |q 005300007990 |t BK |y 0 | ||
| 909 | |a Σ |b 029312 | ||